| 000 | 00360nam a2200145Ia 4500 | ||
|---|---|---|---|
| 003 | LK-CoDNM | ||
| 008 | 010623t1817 xxu||||| |||| 00| 1 sin d | ||
| 040 |
_aLK-CoDNM _dLK-CoDNM _eLK-CoDNM |
||
| 041 | _asin | ||
| 080 | _a9 R 17 | ||
| 245 | _aMiracles of our Blessed Saviour | ||
| 260 |
_bWesleyan Mission _aColombo _c1817 |
||
| 300 | _b35p., 18 cm | ||
| 942 | _cBK | ||
| 999 |
_c80959 _d80959 |
||